000
00272nam a2200097Ia 4500
001
1300839
005
20260420095911.0
008
260420s9999 xx 000 0 und d
245
0
_a
BUGÜN ADIM KAKTÜS BENİM
_c
HACER KILCIOĞLU
260
_b
GÜNIŞIĞI KİTAPLIĞI YAYINLARI
999
_c
1300839
_d
1300839